Psicología y medición : el desarrollo de pruebas psicológicas en Puerto Rico /

I tiakina i:
Ngā taipitopito rārangi puna kōrero
Kaituhi matua: Herrans, Laura Leticia (autor)
Hōputu: Pukapuka
Reo:Pāniora
I whakaputaina: México : McGraw-Hill, 2000, c2000
Putanga:2a edición
Ngā marau:
Ngā Tūtohu: Tāpirihia he Tūtohu
Kāore He Tūtohu, Me noho koe te mea tuatahi ki te tūtohu i tēnei pūkete!

MARC

LEADER 00000nam^a2200000^a^4500
001 000161458
005 20250521000000.0
009 20260310100758.826
020 |a 970-10-2716-7 
037 |a Acervo ITESO - Biblioteca 
041 |a ESP 
082 |a 155. 28  |b HER 
100 |a Herrans, Laura Leticia  |e (autor) 
245 1 0 |a Psicología y medición :  |b el desarrollo de pruebas psicológicas en Puerto Rico /  |c L.L. Herrans. 
250 |a 2a edición 
264 4 |a México :  |b McGraw-Hill,  |c 2000, c2000 
300 |a XII, 256 p. 
336 |a texto  |b txt  |2 rdacontenido 
337 |a sin mediación  |b n  |2 rdamedio 
338 |a volumen  |b nc  |2 rdasoporte 
649 |a XX 
650 |a Pruebas de Inteligencia 
650 |a Pruebas de Intereses 
650 |a Pruebas Psicológicas 
650 |a Evaluación Psicológica 
650 |a Psicometría 
650 |a Psicología Diferencial -  |z Puerto Rico -  |x Investigación 
650 |a Psicología Educativa 
650 |a Educación 
650 |a Depresión 
650 |a Sintomatología 
650 |a Psicopatología 
650 |a Psicología Clínica 
910 |a Fondo General 
920 |a Impresos - Libros 
930 |a Colección General 
905 |a 101 
901 |a 0500093554  |b IT1  |c ACC  |u 20250521 
902 |a https://opac.biblio.iteso.mx/vufind/Record/000161458